000
00314nam a22001457a 4500
003
SGT
082
_a
370
_b
P16S
100
_a
SHARMA, R.S.
245
_a
PRARAMBHIK SHIKSHA KA ARTH EVAM PRAKAR
250
_a
1ST
260
_a
NEW DELHI
_b
SAHIB PUB
_c
2016
300
_a
408
650
_a
EDUCATION
942
_2
ddc
_c
BK
999
_c
12165
_d
12165